000 00222nam a22000857a 4500
008 161228b xxu||||| |||| 00| 0 eng d
100 _92202
_aCBSE
245 _aTogether Towards Safer India II-Ix
260 _aNEw delhi
_bCBSE
_c2009
999 _c5090
_d5090